000 01158nam a22002897a 4500
001 BD-DhSA
003 BD-DhSAU
005 20190109124214.0
008 150613b2008 bg a|||| m||| 00| 0 eng d
040 _aBD-DhSAU
082 _222
_a..
_b..
100 _aRahman, MD Mahfuzur
_eRegistration # 00956
245 _aEffect of different organic and inorganic sources of nutrient on the growth and yield of okra /
_bMS thesis
_cMD Mahfuzur Rahman,
260 _aSher-e-Bangla Agricultural Uniersity :
_bDepartment of Soil Science
_c2008
300 _a52 p. :
_bill. ;
_c29 cm.
500 _aMS thesis of Department of Soil Science , Faculty of Agriculture, Sher-e-Bangla Agricultural University, Dhaka, Bangladesh
504 _aIncludes bibliographical reference.
590 _aerfat
650 _aSoil Science
650 _aEffect of different organic
650 _ainorganic sources of nutrient
650 _agrowth and yield of okra
700 _aPaul, Alok KUmar
_eSuperviser
700 _eCo-superviser
_aDhar, Monoranjan
856 _uhttp://archive.saulibrary.edu.bd:8080/xmlui/handle/123456789/1275
942 _2ddc
_cTHESIS
999 _c9429
_d9429